Vplyv transpozície smernice o účtovných závierkach na užitočnosť informácií prezentovaných v účtovnej závierke mikro účtovných jednotiek

Hlavný účel smernice o účtovnej závierke, ktorý bol implementovaný do slovenskej účtovnej legislatívy od 1. januára 2015 je "najskôr myslieť na malých". Následne boli definované tri kategórie účtovných jednotiek v zákone o účtovníctve. Mikroúčtovníctvo má veľmi zjednodušené pravidlá účtovania a posk...

Description complète

Enregistré dans:
Détails bibliographiques
Auteur principal: Blahušiaková, Miriama, 1980-
Format: Chapitre de livre
Langue:slovaque
Sujets:
Tags: Ajouter un tag
Pas de tags, Soyez le premier à ajouter un tag!

MARC

LEADER 00000naa$a2200000$$$4500
001 0249919
005 20240502074012.3
041 0 |a slo 
044 |a SK 
245 1 0 |a Vplyv transpozície smernice o účtovných závierkach na užitočnosť informácií prezentovaných v účtovnej závierke mikro účtovných jednotiek  |c Miriama Blahušiaková 
520 |a Hlavný účel smernice o účtovnej závierke, ktorý bol implementovaný do slovenskej účtovnej legislatívy od 1. januára 2015 je "najskôr myslieť na malých". Následne boli definované tri kategórie účtovných jednotiek v zákone o účtovníctve. Mikroúčtovníctvo má veľmi zjednodušené pravidlá účtovania a poskytovanie informácií v systéme účtovnej závierky v porovnaní s inými kategóriami účtovných jednotiek. Analýza vplyvu smernice o účtovnej závierke o užitočnosti informácií prezentovaných v mikropodnikoch. 
610 2 0 |a účtovníctvo 
610 2 0 |a jednotka účtovná 
610 2 0 |a závierka účtovná 
610 2 0 |a smernice 
610 2 0 |a legislatíva 
610 2 0 |a mikropodnik 
100 1 |a Blahušiaková, Miriama, 1980-